000 01042nam a22002897a 4500
001 06551
003 HDC
007 cr bn ---aaaaa
008 210124b20022002xxu||||| |||| 00| 0 eng d
020 _a0824706641
040 _aHDC
100 _aLanzendorfer, Ghita
_eauthor
_96981
245 0 _aLipidic Ingredients in Skin Care Formulations
_c/ Ghita Lanzendorfer
260 _aNew York:
_bMarcel Dekker,
_c2002
300 _a1 online resource (43 pages)
336 _atext
_2rdacontent
337 _acomputer
_2rdamedia
338 _aonline resource
_2rdacarrier
500 _aOriginally from: Citrus: Cosmetic lipids and the skin barrier, 2002 (pages 255-297)
_aIncludes bibliographical references
650 _aCosmetic delivery systems
_96983
650 _aLipids
_96687
650 _aSkin
_96982
856 _zRequest full-text at [email protected]
942 _2lcc
942 _cCHAP
942 _kEBCH 004270
999 _c3875
_d3875